000 00628nam a2200205Ia 4500
999 _c34687
_d34687
003 GCL
005 20240530102806.0
008 140319s9999 xx 000 0 ara d
040 _aGCL /
_cGCL
082 0 4 _221
_a953.08
_bق/ف د
100 1 _aفوزى جرجس
245 1 0 _aدراسات فى تاريخ مصر السياسى منذ العصر المملوكى /
_cفوزى جرجس
260 _a[S.N] :
_bالعربى للنشر والتوزيع
300 _a270 ص
650 0 4 _aالعصر الحديث
650 0 4 _aمصر
650 0 4 _aتاريخ
650 0 4 _aالاحوال السياسية
942 _2ddc
_cBK